000 00712nam a2200289Ia 4500
005 20260324134449.0
008 008 260324s9999 xx 000 0 eng d
020 _a9781315183664
037 _aEBOOK
040 _aCRL
040 _beng
040 _cCRL
041 _2eng
041 _aeng
084 _qCRL
100 _aD.P.S Ahluwalia; Abebe Zegeye; Pal Ahluwalia
_91196911
245 0 _aAfrican Identities
245 0 _bContemporary Political and Social Challenges
260 _bTaylor and Francis
260 _c2002
365 _a
365 _b170
856 _uhttp://www.taylorfrancis.com/books/9781315183664
942 _cEBOOK
999 _c1797044
_d1797044